000
00303nam a22001337a 4500
008
181015b xxu||||| |||| 00| 0 eng d
020
_a
9780155318625
041
_a
eng
080
_2
11 ed
_a
370
100
_a
49
101
_a
edu
245
_a
Harbrage College Hand book
_c
John.c.h
942
_2
udc
_c
BK
999
_c
49613
_d
49613